Gate 2008 : Computer science and engineering (Record no. 179660)

MARC details
000 -LEADER
fixed length control field 00378nam a2200145Ia 4500
008 - FIXED-LENGTH DATA ELEMENTS--GENERAL INFORMATION
fixed length control field 231217s9999 xx 000 0 und d
041 ## - LANGUAGE CODE
Language code of text/sound track or separate title English
082 ## - DEWEY DECIMAL CLASSIFICATION NUMBER
Classification number 620.076 GKP5;2
100 ## - MAIN ENTRY--PERSONAL NAME
Personal name G K Publishers
245 #0 - TITLE STATEMENT
Title Gate 2008 : Computer science and engineering
260 ## - PUBLICATION, DISTRIBUTION, ETC.
Date of publication, distribution, etc. 2007
Name of publisher, distributor, etc. G K Publisher
Place of publication, distribution, etc. Noida
300 ## - PHYSICAL DESCRIPTION
Extent vi+Gate 2007-22+16
300 ## - PHYSICAL DESCRIPTION
Dimensions CD3188
942 ## - ADDED ENTRY ELEMENTS (KOHA)
Koha item type Books
Holdings
Date last seen Total checkouts Full call number Accession number Date last checked out Cost, total (INR) price Price effective from Category Lost status Damaged status Department Withdrawn status Home library Current library Shelving location Entry date Vendor Cost, normal purchase price Grants Billnumber Billdate Currency symbol Conversion rate Discount Old discount
07/04/2025 1 620.076 GKP5;2 46662 28/01/2025 405.00 26/01/2024 Books     CS   Central Library RFID Kiosk Central Library 06/11/2007 Tata Book House 540.00 CS/PG 857 29/12/2008 RS 1 135 25

© For any Suggestions or Query, please contact the library staff @ librarian@pes.edu or Phone: +9180 2672 1983/ 2108.